[Event "Catalunya-chT Gp1"]
[Site "Barcelona"]
[Date "2022.03.19"]
[Round "9.5"]
[White "Arias Boo, Guillermo"]
[Black "Garcia Castany Musellas, Gal La"]
[Result "1-0"]
[WhiteElo "2210"]
[BlackElo "2159"]
[PlyCount "129"]
[EventDate "2022.01.22"]
[EventType "team-tourn"]
[EventRounds "9"]
[EventCountry "ESP"]
[SourceTitle "CBM 208 Extra"]
[Source "ChessBase"]
[SourceDate "2022.07.31"]
[SourceVersion "1"]
[SourceVersionDate "2022.07.31"]
[SourceQuality "1"]
[WhiteTeam "Foment Martinenc"]
[BlackTeam "Gramenet"]
[WhiteTeamCountry "ESP"]
[BlackTeamCountry "ESP"]

1. e4 e5 2. Nf3 Nc6 3. Bb5 a6 4. Ba4 Nf6 5. 0-0 Nxe4 6. d4 b5 7. Bb3 d5 8. dxe5 Be6 9. c3 Bc5 10. Nbd2 0-0 11. Bc2 Nxf2 12. Rxf2 Bxf2+ 13. Kxf2 f6 14. exf6 Qxf6 15. Kg1 Rae8 16. Nf1 Ne5 17. Be3 Nxf3+ 18. Qxf3 Qxf3 19. gxf3 Rxf3 20. Bd4 Bh3 21. Ng3 g6 22. Rd1 c6 23. Bf2 Kf7 24. Rd2 h5 25. Bd1 Rf6 26. Re2 h4 27. Nf1 Rf8 28. Ne3 Kg8 29. Rd2 Re8 30. Be2 Rf4 31. Ng2 Bxg2 32. Kxg2 g5 33. h3 Re7 34. Bg4 Kf7 35. Bc5 Re1 36. Bd7 Rf6 37. Bd4 Rh6 38. Rf2+ Ke7 39. Bg4 Kd6 40. Bf6 Rg6 41. Bh5 Rh6 42. Bf7 Re3 43. Kh2 Rxf6 44. Rxf6+ Ke7 45. Rf2 a5 46. Bh5 Rd3 47. Bg4 a4 48. a3 c5 49. Re2+ Kf7 50. Be6+ Kf6 51. Bd7 b4 52. cxb4 cxb4 53. axb4 Rb3 54. Bxa4 Rxb4 55. Bc6 d4 56. Be4 Ke5 57. Bg6+ Kf4 58. Kg2 d3 59. Bxd3 g4 60. hxg4 Rb3 61. Bf5 Kg5 62. Be6 Rb5 63. b3 Rb4 64. Kh3 Rb6 65. Bc4 1-0

[Event "Catalunya-chT Gp1"]
[Site "Barcelona"]
[Date "2022.02.05"]
[Round "3.6"]
[White "Arias Boo, Guillermo"]
[Black "Sadrija, Enver"]
[Result "0-1"]
[WhiteElo "2210"]
[BlackElo "2122"]
[PlyCount "142"]
[EventDate "2022.01.22"]
[EventType "team-tourn"]
[EventRounds "9"]
[EventCountry "ESP"]
[SourceTitle "CBM 206 Extra"]
[Source "ChessBase"]
[SourceDate "2022.03.31"]
[SourceVersion "1"]
[SourceVersionDate "2022.03.31"]
[SourceQuality "1"]
[WhiteTeam "Foment Martinenc"]
[BlackTeam "Terrassa"]
[WhiteTeamCountry "ESP"]
[BlackTeamCountry "ESP"]

1. c4 c5 2. g3 g6 3. Bg2 Bg7 4. Nc3 Nc6 5. Nf3 d6 6. 0-0 e5 7. a3 Be6 8. d3 h6 9. Ne1 Nge7 10. Nc2 Rb8 11. Ne3 0-0 12. Bd2 a6 13. Rb1 b5 14. Ncd5 Qd7 15. Nxe7+ Nxe7 16. Nd5 f5 17. Qc1 g5 18. f4 exf4 19. gxf4 g4 20. Nxe7+ Qxe7 21. Bc3 bxc4 22. dxc4 Rb3 23. Bxg7 Kxg7 24. Rd1 Rfb8 25. Rd3 Bf7 26. Qc2 Rxd3 27. Qxd3 Qf6 28. b4 h5 29. Bd5 Be8 30. Qd2 h4 31. Rb3 Qa1+ 32. Kf2 Kg6 33. Qb2 Qxb2 34. Rxb2 Kf6 35. Rb3 Bd7 36. Rb1 Be6 37. Bxe6 Kxe6 38. b5 axb5 39. cxb5 d5 40. a4 Kd6 41. a5 Kc7 42. e3 Kb7 43. Ke2 Ra8 44. Ra1 Re8 45. Kd3 Rg8 46. Ra2 Rd8 47. Rc2 Rc8 48. Kc3 Ra8 49. Ra2 Rd8 50. Kb3 Rd7 51. Rc2 Rc7 52. b6 Rc8 53. Ka4 Kc6 54. Rb2 Rb8 55. Rb1 g3 56. hxg3 hxg3 57. Rg1 Rg8 58. Rg2 Rg7 59. Ka3 Kb5 60. b7 Rxb7 61. Rxg3 Kxa5 62. Rg5 Re7 63. Rxf5 Rxe3+ 64. Kb2 Rd3 65. Rf8 Kb4 66. Rb8+ Kc4 67. Ra8 Rd2+ 68. Kc1 Rf2 69. Kd1 Kd3 70. Ra3+ Ke4 71. Ke1 Rxf4 0-1

[Event "Catalunya-chT Gp1"]
[Site "Barcelona"]
[Date "2020.02.01"]
[Round "3.8"]
[White "Arias Boo, Guillermo"]
[Black "Gonzalez Garcia, Marc"]
[Result "1-0"]
[WhiteElo "2191"]
[BlackElo "2139"]
[PlyCount "43"]
[EventDate "2020.01.18"]
[EventType "team-tourn"]
[EventRounds "7"]
[EventCountry "ESP"]
[SourceTitle "CBM 194 Extra"]
[Source "ChessBase"]
[SourceDate "2020.03.31"]
[SourceVersion "1"]
[SourceVersionDate "2020.03.31"]
[SourceQuality "1"]
[WhiteTeam "Foment Martinenc"]
[BlackTeam "Tres Peons"]
[WhiteTeamCountry "ESP"]
[BlackTeamCountry "ESP"]

1. Nf3 d5 2. c4 e6 3. b3 d4 4. Bb2 c5 5. g3 Nc6 6. Bg2 Nf6 7. 0-0 Be7 8. d3 0-0 9. Na3 e5 10. Nc2 h6 11. e3 a5 12. exd4 exd4 13. Re1 Bd6 14. a3 Qb6 15. b4 axb4 16. axb4 Rxa1 17. Qxa1 Nxb4 18. Nxb4 Qxb4 19. Rb1 Qb3 20. Bxd4 Qxd3 21. Bxf6 gxf6 22. Rd1 1-0

[Event "Catalunya-chT Gp1"]
[Site "Barcelona"]
[Date "2020.01.18"]
[Round "1.7"]
[White "Escandell, Juan C"]
[Black "Arias Boo, Guillermo"]
[Result "0-1"]
[WhiteElo "2176"]
[BlackElo "2191"]
[PlyCount "168"]
[EventDate "2020.01.18"]
[EventType "team-tourn"]
[EventRounds "7"]
[EventCountry "ESP"]
[SourceTitle "CBM 194 Extra"]
[Source "ChessBase"]
[SourceDate "2020.03.31"]
[SourceVersion "1"]
[SourceVersionDate "2020.03.31"]
[SourceQuality "1"]
[WhiteTeam "Cerdanyola Valles"]
[BlackTeam "Foment Martinenc"]
[WhiteTeamCountry "ESP"]
[BlackTeamCountry "ESP"]

1. e4 g6 2. d4 Bg7 3. Nc3 c6 4. Nf3 d6 5. Be3 Nf6 6. h3 0-0 7. Qd2 b5 8. Bd3 Nbd7 9. a4 b4 10. Ne2 a5 11. 0-0 Qc7 12. Ng3 Nb6 13. e5 Nfd7 14. Rfe1 Nd5 15. Bh6 dxe5 16. Bxg7 Kxg7 17. dxe5 Nc5 18. Ne4 Ne6 19. c4 Nb6 20. Qe3 Nd7 21. Neg5 Ndc5 22. Nxe6+ Nxe6 23. Nh2 Qa7 24. Be4 Qxe3 25. Rxe3 Bb7 26. Nf3 Rfd8 27. Rc1 Nc5 28. Bc2 Rd7 29. Kf1 Rad8 30. Ke2 Ne6 31. g3 c5 32. Ke1 Bxf3 33. Rxf3 Nd4 34. Re3 b3 35. Bxb3 Rb7 36. Rcc3 Rdb8 37. Bd1 Rxb2 38. Red3 Rb1 39. Kd2 R8b2+ 40. Ke3 Ra1 41. Rd2 Rbb1 42. Rcd3 e6 43. h4 Rc1 44. Bb3 Rab1 45. Ba2 Rb4 46. Rd1 Rxd1 47. Rxd1 Rxa4 48. Rd2 Rb4 49. Kd3 Rb8 50. Kc3 Kf8 51. Rd1 Ke7 52. Re1 a4 53. Rd1 a3 54. Rd2 Rb6 55. Kd3 h5 56. Kc3 Rb8 57. Kd3 Nc6 58. Re2 Rd8+ 59. Kc3 Nb4 60. Kb3 Nd3 61. Rc2 Nxe5 62. Kxa3 Nc6 63. Kb2 Nb4 64. Re2 Rd4 65. Bb3 Kd6 66. Kc3 Rd3+ 67. Kb2 Nc6 68. Bc2 Rd4 69. Kc3 Ne5 70. Bb3 f6 71. Ba2 g5 72. hxg5 fxg5 73. Re1 Rd3+ 74. Kc2 Rf3 75. Rh1 Rxf2+ 76. Kb3 Nc6 77. Rxh5 Nd4+ 78. Ka3 Rf3+ 79. Kb2 Rxg3 80. Bb1 Nc6 81. Rh6 Ne5 82. Bf5 Nxc4+ 83. Ka2 Re3 84. Rg6 Re5 0-1

[Event "Catalunya-chT GpB final"]
[Site "Barcelona"]
[Date "2019.03.23"]
[Round "3.6"]
[White "Castellet Giralt, Gabriel"]
[Black "Arias Boo, Guillermo"]
[Result "1/2-1/2"]
[WhiteElo "2217"]
[BlackElo "2250"]
[PlyCount "65"]
[EventDate "2019.03.09"]
[EventType "team-tourn"]
[EventRounds "4"]
[EventCountry "ESP"]
[SourceTitle "EXT 2020"]
[Source "ChessBase"]
[SourceDate "2019.10.17"]
[SourceVersion "1"]
[SourceVersionDate "2019.10.17"]
[SourceQuality "1"]
[WhiteTeam "Cerdanyola Valles"]
[BlackTeam "Foment Martinenc"]
[WhiteTeamCountry "ESP"]
[BlackTeamCountry "ESP"]

1. d4 d5 2. c4 Nc6 3. cxd5 Qxd5 4. Nf3 e5 5. Nc3 Bb4 6. a3 Bxc3+ 7. bxc3 Bg4 8. Nxe5 Nxe5 9. dxe5 Qxe5 10. Qd4 Qxd4 11. cxd4 0-0-0 12. Bb2 Nf6 13. f3 Bd7 14. e4 Rhe8 15. Kf2 c6 16. Rc1 Kb8 17. Bd3 Be6 18. Rhd1 Nd7 19. d5 cxd5 20. exd5 Bxd5 21. Bb5 Bc6 22. Bxc6 bxc6 23. Rxc6 f6 24. Rb1 Nb6 25. Rc2 Rc8 26. Rd2 Ka8 27. Bd4 Red8 28. Rbd1 Nc4 29. Rd3 Rd5 30. Be3 Rxd3 31. Rxd3 Ne5 32. Rb3 Rc4 33. h3 1/2-1/2

[Event "Catalunya-chT Gp1"]
[Site "Barcelona"]
[Date "2019.02.02"]
[Round "3.6"]
[White "Arias Boo, Guillermo"]
[Black "Subirats Ruiz, Sergi"]
[Result "1-0"]
[WhiteElo "2250"]
[BlackElo "2219"]
[PlyCount "75"]
[EventDate "2019.01.19"]
[EventType "team-tourn"]
[EventRounds "7"]
[EventCountry "ESP"]
[SourceTitle "CBM 188 Extra"]
[Source "ChessBase"]
[SourceDate "2019.02.26"]
[SourceVersion "1"]
[SourceVersionDate "2019.02.26"]
[SourceQuality "1"]
[WhiteTeam "Foment Martinenc"]
[BlackTeam "Sant Andreu"]
[WhiteTeamCountry "ESP"]
[BlackTeamCountry "ESP"]

1. Nf3 Nf6 2. c4 g6 3. b4 Bg7 4. Bb2 0-0 5. g3 d5 6. cxd5 Qxd5 7. Nc3 Qh5 8. h3 Nc6 9. a3 e5 10. Bg2 Nd4 11. e3 Re8 12. Nxd4 exd4 13. Qxh5 Nxh5 14. Nd5 dxe3 15. Bxg7 exd2+ 16. Kd1 Kxg7 17. Nxc7 Re1+ 18. Rxe1 dxe1Q+ 19. Kxe1 Rb8 20. Rd1 Bf5 21. Rd4 Nf6 22. g4 Bb1 23. Nb5 a6 24. Nc3 Bc2 25. g5 Nh5 26. Bf3 Bf5 27. Bg4 Re8+ 28. Kd2 Re7 29. Bxf5 gxf5 30. Nd5 Re6 31. h4 Kg6 32. Nc7 Re7 33. Rd6+ Kg7 34. Nd5 Re4 35. Ne3 Re5 36. Rd7 Rb5 37. Nd5 a5 38. a4 1-0

[Event "Catalunya-chT Gp1"]
[Site "Barcelona"]
[Date "2018.02.17"]
[Round "5.5"]
[White "Arias Boo, Guillermo"]
[Black "Gonzalez Garcia, Marc"]
[Result "1/2-1/2"]
[WhiteElo "2263"]
[BlackElo "2238"]
[PlyCount "38"]
[EventDate "2018.01.20"]
[EventType "team-tourn"]
[EventRounds "7"]
[EventCountry "ESP"]
[SourceTitle "EXT 2019"]
[Source "ChessBase"]
[SourceDate "2018.10.10"]
[SourceVersion "1"]
[SourceVersionDate "2018.10.10"]
[SourceQuality "1"]
[WhiteTeam "Foment Martinenc"]
[BlackTeam "Tres Peons"]
[WhiteTeamCountry "ESP"]
[BlackTeamCountry "ESP"]

1. d4 d5 2. c4 e6 3. Nf3 Nf6 4. g3 Bb4+ 5. Bd2 Be7 6. Bg2 0-0 7. 0-0 c6 8. Qc2 Nbd7 9. Rd1 b6 10. b3 a5 11. Nc3 Ba6 12. e4 dxc4 13. bxc4 Bxc4 14. Bg5 Rc8 15. e5 Ne8 16. Ne4 Bd5 17. Bxe7 Qxe7 18. Neg5 f5 19. exf6 gxf6 1/2-1/2

[Event "Barcelona Sants op 19th"]
[Site "Barcelona"]
[Date "2017.08.25"]
[Round "8"]
[White "Minko, Vladimir"]
[Black "Arias Boo, Guillermo"]
[Result "1-0"]
[WhiteElo "2411"]
[BlackElo "2283"]
[PlyCount "83"]
[EventDate "2017.08.18"]
[EventType "swiss"]
[EventRounds "10"]
[EventCountry "ESP"]
[SourceTitle "CBM 180 Extra"]
[Source "ChessBase"]
[SourceDate "2017.10.06"]
[SourceVersion "1"]
[SourceVersionDate "2017.10.06"]
[SourceQuality "1"]

1. d4 Nf6 2. c4 g6 3. g3 Bg7 4. Bg2 0-0 5. Nf3 d6 6. Nc3 Nc6 7. 0-0 a6 8. b3 Rb8 9. Bb2 b5 10. cxb5 axb5 11. Qc2 b4 12. Nd1 Na7 13. e4 Nb5 14. Ne3 Bb7 15. d5 Nc3 16. Bxc3 bxc3 17. Rab1 c6 18. dxc6 Bxc6 19. e5 Ne8 20. Qxc3 Rc8 21. Qb4 Rb8 22. Qd2 Bxf3 23. Bxf3 Bxe5 24. Nc4 Bf6 25. Rfe1 Qc7 26. Rbc1 Rb5 27. Ne5 Qd8 28. Nc6 Qd7 29. Nxe7+ Bxe7 30. Bc6 Bg5 31. Bxd7 Bxd2 32. Bxb5 Nc7 33. Bc6 Ne6 34. Red1 Bxc1 35. Rxc1 Rc8 36. Rc4 Rc7 37. Bd5 Ra7 38. Bxe6 fxe6 39. Ra4 Rc7 40. Ra6 Rd7 41. b4 Kf7 42. b5 1-0

[Event "Catalunya-chT GpB final"]
[Site "Barcelona"]
[Date "2017.04.01"]
[Round "4.4"]
[White "Gonzalez Vericat, Sergio"]
[Black "Arias Boo, Guillermo"]
[Result "1/2-1/2"]
[WhiteElo "2135"]
[BlackElo "2321"]
[PlyCount "122"]
[EventDate "2017.03.11"]
[EventType "team-tourn"]
[EventRounds "11"]
[EventCountry "ESP"]
[SourceTitle "EXT 2018"]
[Source "ChessBase"]
[SourceDate "2017.10.13"]
[SourceVersion "1"]
[SourceVersionDate "2017.10.13"]
[SourceQuality "1"]
[WhiteTeam "Gerunda"]
[BlackTeam "Foment Martinenc"]
[WhiteTeamCountry "ESP"]
[BlackTeamCountry "ESP"]

1. b3 e5 2. Bb2 Nc6 3. e3 Nf6 4. Bb5 e4 5. d3 a6 6. Bxc6 dxc6 7. Ne2 Bf5 8. Ng3 Bg6 9. d4 h5 10. Ne2 Bd6 11. Nd2 h4 12. h3 Rh5 13. Nc4 Rg5 14. Nxd6+ Qxd6 15. Rg1 Qh2 16. Kf1 Qd6 17. Nf4 Nd5 18. Nxg6 Qxg6 19. Qe1 0-0-0 20. c4 Ne7 21. Rd1 Nf5 22. Qe2 Rd6 23. d5 Ng3+ 24. fxg3 Rf5+ 25. Ke1 Qxg3+ 26. Kd2 Rf2 27. Rdf1 Rxe2+ 28. Kxe2 Qg6 29. Bd4 cxd5 30. c5 Rd8 31. Rf4 Qh5+ 32. Kd2 f6 33. Rg4 Qf5 34. Ke2 Qd7 35. a4 Rh8 36. Rf1 Qe7 37. Rff4 Rh6 38. Rxh4 Rxh4 39. Rxh4 Kd7 40. Rh7 Ke6 41. g4 Qf8 42. g5 Qg8 43. Rh5 g6 44. Rh6 fxg5 45. Rh8 Qf7 46. Kd2 Qf2+ 47. Kc3 Qe1+ 48. Kb2 Qh1 49. Rh6 Qg2+ 50. Kc3 Kf5 51. Rh7 g4 52. hxg4+ Qxg4 53. Rxc7 g5 54. Rxb7 Qd1 55. Rf7+ Ke6 56. Rf6+ Ke7 57. Rg6 Qd3+ 58. Kb4 Qd2+ 59. Ka3 Qc1+ 60. Kb4 Qd2+ 61. Ka3 Qc1+ 1/2-1/2

[Event "Catalunya-chT Gp2"]
[Site "Barcelona"]
[Date "2017.02.18"]
[Round "5.5"]
[White "Arias Boo, Guillermo"]
[Black "Bru Rullo, Llatzer"]
[Result "1/2-1/2"]
[WhiteElo "2321"]
[BlackElo "2248"]
[PlyCount "80"]
[EventDate "2017.01.21"]
[EventType "team-tourn"]
[EventRounds "7"]
[EventCountry "ESP"]
[SourceTitle "EXT 2018"]
[Source "ChessBase"]
[SourceDate "2017.10.13"]
[SourceVersion "1"]
[SourceVersionDate "2017.10.13"]
[SourceQuality "1"]
[WhiteTeam "Foment Martinenc"]
[BlackTeam "Cerdanyola Valles"]
[WhiteTeamCountry "ESP"]
[BlackTeamCountry "ESP"]

1. e4 e5 2. Nf3 Nc6 3. Bb5 a6 4. Bxc6 dxc6 5. 0-0 Bg4 6. h3 h5 7. d3 Qf6 8. Nbd2 Ne7 9. Re1 Ng6 10. d4 Nf4 11. dxe5 Qg6 12. Nh4 Bxd1 13. Nxg6 Nxg6 14. Rxd1 0-0-0 15. Re1 Nxe5 16. Nf3 Nxf3+ 17. gxf3 Bb4 18. c3 Bc5 19. e5 Rd3 20. Kg2 Kd7 21. Bg5 Ke6 22. Rad1 Rd5 23. c4 Rd4 24. b3 Re8 25. Be3 Rxd1 26. Rxd1 Bxe3 27. fxe3 Kxe5 28. Rd7 Kf6 29. Rxc7 Re7 30. Rxe7 Kxe7 31. Kg3 Kf6 32. f4 c5 33. Kh4 g6 34. e4 Kg7 35. e5 f6 36. exf6+ Kxf6 37. Kg3 Kf5 38. Kf3 g5 39. fxg5 Kxg5 40. Kg3 Kf5 1/2-1/2

[Event "Catalunya-chT Gp1"]
[Site "Barcelona"]
[Date "2016.02.20"]
[Round "5.2"]
[White "Congiu, Mathilde"]
[Black "Arias Boo, Guillermo"]
[Result "1/2-1/2"]
[WhiteElo "2267"]
[BlackElo "2318"]
[PlyCount "84"]
[EventDate "2016.01.23"]
[EventType "team-tourn"]
[EventRounds "7"]
[EventCountry "ESP"]
[SourceTitle "EXT 2017"]
[Source "ChessBase"]
[SourceDate "2016.10.25"]
[SourceVersion "1"]
[SourceVersionDate "2016.10.25"]
[SourceQuality "1"]
[WhiteTeam "Montcada"]
[BlackTeam "Barcelona Unio Graciencia"]
[WhiteTeamCountry "ESP"]
[BlackTeamCountry "ESP"]

1. e4 e5 2. Nf3 Nc6 3. Bc4 Nf6 4. d3 Be7 5. 0-0 0-0 6. Re1 d6 7. a4 Kh8 8. h3 Ng8 9. Nc3 f5 10. Nd5 f4 11. d4 Nf6 12. Nxe7 Qxe7 13. dxe5 Nxe5 14. Nxe5 Qxe5 15. Qf3 Nd7 16. Bb5 c6 17. Bf1 Qf6 18. Qh5 Ne5 19. Bd2 Bd7 20. Bc3 f3 21. Bxe5 dxe5 22. Qxf3 Qxf3 23. gxf3 Rxf3 24. Rad1 Be6 25. Rd6 Re8 26. Red1 g5 27. a5 a6 28. Rd8 Rff8 29. Rxe8 Rxe8 30. Kg2 Kg7 31. Be2 Kf6 32. Kg3 Ke7 33. Bh5 Rf8 34. Rd3 Rf4 35. f3 h6 36. Rd1 Rf6 37. Rd2 Bd7 38. Rd3 Be6 39. Bg4 Bxg4 40. Kxg4 Rf4+ 41. Kg3 Rf7 42. Kg4 Rf4+ 1/2-1/2

[Event "Catalunya-chT Gp1"]
[Site "Barcelona"]
[Date "2016.02.06"]
[Round "3.1"]
[White "Panelo Munoz, Marcelo A"]
[Black "Arias Boo, Guillermo"]
[Result "1/2-1/2"]
[WhiteElo "2327"]
[BlackElo "2318"]
[PlyCount "92"]
[EventDate "2016.01.23"]
[EventType "team-tourn"]
[EventRounds "7"]
[EventCountry "ESP"]
[SourceTitle "CBM 170 Extra"]
[Source "ChessBase"]
[SourceDate "2016.02.25"]
[SourceVersion "1"]
[SourceVersionDate "2016.02.25"]
[SourceQuality "1"]
[WhiteTeam "Sant Josep de Badalona"]
[BlackTeam "Barcelona Unio Graciencia"]
[WhiteTeamCountry "ESP"]
[BlackTeamCountry "ESP"]

1. Nf3 e6 2. c4 f5 3. g3 Nf6 4. Bg2 d5 5. 0-0 c6 6. d3 dxc4 7. dxc4 Qxd1 8. Rxd1 Bc5 9. Bf4 Nbd7 10. e3 0-0 11. Nbd2 Re8 12. Ne5 Nxe5 13. Bxe5 Ng4 14. Nf3 Nxe5 15. Nxe5 Be7 16. Rd4 Rd8 17. Rad1 Rxd4 18. exd4 Bf6 19. f4 Kf8 20. Rd3 Ke7 21. Rb3 a5 22. c5 Kd8 23. Bf1 Kc7 24. Bc4 Bxe5 25. dxe5 a4 26. Ra3 b5 27. cxb6+ Kxb6 28. Kf2 Kc5 29. Rc3 Kd4 30. Be2 Ba6 31. Rxc6 Bxe2 32. Kxe2 Rb8 33. b3 axb3 34. axb3 Rxb3 35. Rxe6 Ke4 36. Re7 Rb2+ 37. Kd1 g5 38. e6 gxf4 39. Rxh7 fxg3 40. e7 Rb8 41. hxg3 Ke5 42. Ke2 Kf6 43. Kf3 Re8 44. Rh6+ Kxe7 45. Kf4 Rg8 46. Kxf5 Rxg3 1/2-1/2

[Event "Catalunya-chT GpA final"]
[Site "Barcelona"]
[Date "2015.04.18"]
[Round "11.1"]
[White "Arias Boo, Guillermo"]
[Black "Perez Manas, Benjamin"]
[Result "1-0"]
[WhiteElo "2339"]
[BlackElo "2274"]
[PlyCount "87"]
[EventDate "2015.03.14"]
[EventType "team-tourn"]
[EventRounds "11"]
[EventCountry "ESP"]
[SourceTitle "EXT 2016"]
[Source "ChessBase"]
[SourceDate "2015.10.08"]
[SourceVersion "1"]
[SourceVersionDate "2015.10.08"]
[SourceQuality "1"]
[WhiteTeam "Barcelona Escola Escacs"]
[BlackTeam "Barbera"]
[WhiteTeamCountry "ESP"]
[BlackTeamCountry "ESP"]

1. d4 f5 2. e4 fxe4 3. Nc3 Nf6 4. Bg5 c6 5. Bxf6 exf6 6. Nxe4 d5 7. Ng3 Qe7+ 8. Qe2 Bg4 9. Qxe7+ Bxe7 10. Be2 Be6 11. 0-0-0 Nd7 12. Re1 Kf7 13. Bd3 g6 14. f4 f5 15. Nf3 Rae8 16. Nf1 Bd6 17. g3 Kg7 18. Ng5 Bf7 19. Nd2 Nf6 20. Ndf3 Ne4 21. Nxf7 Kxf7 22. Rhf1 Kf6 23. Ne5 h5 24. c3 Re7 25. Bxe4 fxe4 26. b4 Kg7 27. Kd2 a5 28. a3 Ra8 29. Ra1 g5 30. Ke3 Ra6 31. Rfb1 b5 32. a4 Bxe5 33. dxe5 axb4 34. axb5 Rb6 35. Rxb4 c5 36. Rbb1 Kg6 37. c4 dxc4 38. Kxe4 gxf4 39. gxf4 Rd7 40. f5+ Kg5 41. Rg1+ Kh4 42. Rad1 Re7 43. Rg3 Rxb5 44. Rf1 1-0

[Event "Catalunya-chT GpA final"]
[Site "Barcelona"]
[Date "2015.03.21"]
[Round "9.3"]
[White "Arias Boo, Guillermo"]
[Black "Avila Jimenez, Xavier"]
[Result "1/2-1/2"]
[WhiteElo "2339"]
[BlackElo "2223"]
[PlyCount "20"]
[EventDate "2015.03.14"]
[EventType "team-tourn"]
[EventRounds "11"]
[EventCountry "ESP"]
[SourceTitle "EXT 2016"]
[Source "ChessBase"]
[SourceDate "2015.10.08"]
[SourceVersion "1"]
[SourceVersionDate "2015.10.08"]
[SourceQuality "1"]
[WhiteTeam "Barcelona Escola Escacs"]
[BlackTeam "Barcelona Escola Escacs"]
[WhiteTeamCountry "ESP"]
[BlackTeamCountry "ESP"]

1. d4 d5 2. c4 c6 3. cxd5 cxd5 4. Nc3 Nf6 5. Bf4 Nc6 6. e3 Qb6 7. a3 Bg4 8. Be2 Qxb2 9. Na4 Bxe2 10. Nxe2 Qb5 1/2-1/2

[Event "Catalunya-chT Gp1"]
[Site "Barcelona"]
[Date "2015.03.07"]
[Round "7.4"]
[White "Llaneza Vega, Patricia"]
[Black "Arias Boo, Guillermo"]
[Result "1/2-1/2"]
[WhiteElo "2191"]
[BlackElo "2339"]
[PlyCount "51"]
[EventDate "2015.01.24"]
[EventType "team-tourn"]
[EventRounds "7"]
[EventCountry "ESP"]
[SourceTitle "EXT 2016"]
[Source "ChessBase"]
[SourceDate "2015.10.08"]
[SourceVersion "1"]
[SourceVersionDate "2015.10.08"]
[SourceQuality "1"]
[WhiteTeam "Foment Martinenc"]
[BlackTeam "Barcelona Escola Escacs"]
[WhiteTeamCountry "ESP"]
[BlackTeamCountry "ESP"]

1. e4 e5 2. Nc3 Bc5 3. Bc4 Nf6 4. Nf3 Nc6 5. d3 d6 6. Na4 Bb6 7. Nxb6 axb6 8. 0-0 Be6 9. Re1 0-0 10. Bg5 h6 11. Bh4 Qe7 12. Bb3 Bxb3 13. Bxf6 Qxf6 14. axb3 Ne7 15. Rxa8 Rxa8 16. Nd2 b5 17. Nf1 Qe6 18. d4 exd4 19. Qxd4 Nc6 20. Qd3 Qe5 21. Ne3 Ne7 22. h3 Ra2 23. Qc3 Qxc3 24. bxc3 g6 25. Rd1 f6 26. Kf1 1/2-1/2

[Event "Catalunya-chT Gp1"]
[Site "Barcelona"]
[Date "2015.02.21"]
[Round "5.3"]
[White "Leiro Giralt, Daniel"]
[Black "Arias Boo, Guillermo"]
[Result "1/2-1/2"]
[WhiteElo "2225"]
[BlackElo "2339"]
[PlyCount "56"]
[EventDate "2015.01.24"]
[EventType "team-tourn"]
[EventRounds "7"]
[EventCountry "ESP"]
[SourceTitle "EXT 2016"]
[Source "ChessBase"]
[SourceDate "2015.10.08"]
[SourceVersion "1"]
[SourceVersionDate "2015.10.08"]
[SourceQuality "1"]
[WhiteTeam "Tres Peons"]
[BlackTeam "Barcelona Escola Escacs"]
[WhiteTeamCountry "ESP"]
[BlackTeamCountry "ESP"]

1. e4 e5 2. Nf3 Nc6 3. Bc4 Bc5 4. 0-0 Nf6 5. d4 exd4 6. e5 d5 7. exf6 dxc4 8. fxg7 Rg8 9. Bg5 Qd5 10. Nc3 Qf5 11. Ne4 Be7 12. Bxe7 Qxe4 13. Re1 Qd5 14. Bf6+ Be6 15. Ng5 Rxg7 16. Rxe6+ fxe6 17. Qh5+ Rg6 18. Re1 Nd8 19. Re5 Qd7 20. Nxh7 Qf7 21. Bh4 Nc6 22. Ng5 Rxg5 23. Rxe6+ Kf8 24. Qh8+ Qg8 25. Qf6+ Qf7 26. Qh8+ Qg8 27. Qf6+ Qf7 28. Qh8+ Qg8 1/2-1/2

[Event "Catalunya-chT"]
[Site "Catalunya"]
[Date "2014.03.15"]
[Round "8.4"]
[White "Arias Boo, Guillermo"]
[Black "Dougas Chavarria, Nestor"]
[Result "1-0"]
[WhiteElo "2339"]
[BlackElo "1796"]
[PlyCount "105"]
[EventDate "2014.01.25"]
[EventType "team"]
[EventRounds "11"]
[EventCountry "ESP"]
[SourceTitle "EXT 2015"]
[Source "ChessBase"]
[SourceDate "2014.11.20"]
[SourceVersion "1"]
[SourceVersionDate "2014.11.20"]
[SourceQuality "1"]
[WhiteTeam "Barcelona Uga"]
[BlackTeam "Sant Andreu"]
[WhiteTeamCountry "ESP"]
[BlackTeamCountry "ESP"]

1. d4 Nf6 2. c4 e6 3. Nf3 d5 4. g3 Be7 5. Bg2 c6 6. 0-0 0-0 7. Qc2 Nbd7 8. Rd1 a6 9. Nbd2 b5 10. b3 Bb7 11. e4 dxe4 12. Nxe4 Nxe4 13. Qxe4 Nf6 14. Qe2 Qb6 15. c5 Qd8 16. Bg5 a5 17. Ne5 Qc7 18. Bf4 Qc8 19. a4 b4 20. Bg5 Qc7 21. Qd2 Nd5 22. Bxe7 Nxe7 23. Qf4 Rae8 24. Nxc6 Qxf4 25. Nxe7+ Rxe7 26. gxf4 Bd5 27. Bxd5 exd5 28. Re1 Rfe8 29. Rxe7 Rxe7 30. Rc1 Kf8 31. c6 Rc7 32. Rc5 Ke7 33. Rxa5 Rxc6 34. Rb5 Rg6+ 35. Kf1 Rh6 36. Rb7+ Ke8 37. Kg2 Rg6+ 38. Kf3 Rh6 39. Rxb4 Rxh2 40. a5 Rh6 41. Ra4 Rh3+ 42. Kg4 Rxb3 43. a6 Rb8 44. Ra5 Ra8 45. Kf5 h5 46. Kg5 g6 47. f5 gxf5 48. Kxh5 Ke7 49. Kg5 Ke6 50. a7 f6+ 51. Kf4 Kf7 52. Kxf5 Ke7 53. Ra6 1-0

[Event "Catalunya-chT"]
[Site "Catalunya"]
[Date "2014.03.08"]
[Round "7.3"]
[White "Arias Boo, Guillermo"]
[Black "Casanellas Ruano, Lluis"]
[Result "1-0"]
[WhiteElo "2339"]
[BlackElo "2119"]
[PlyCount "61"]
[EventDate "2014.01.25"]
[EventType "team"]
[EventRounds "11"]
[EventCountry "ESP"]
[SourceTitle "EXT 2015"]
[Source "ChessBase"]
[SourceDate "2014.11.20"]
[SourceVersion "1"]
[SourceVersionDate "2014.11.20"]
[SourceQuality "1"]
[WhiteTeam "Barcelona Uga"]
[BlackTeam "Figueres"]
[WhiteTeamCountry "ESP"]
[BlackTeamCountry "ESP"]

1. d4 d5 2. c4 c6 3. Nf3 Nf6 4. Nc3 dxc4 5. a4 Bf5 6. e3 e6 7. Bxc4 Nbd7 8. 0-0 Be7 9. Qe2 0-0 10. e4 Bg6 11. a5 Bb4 12. a6 Bxc3 13. axb7 Rb8 14. bxc3 Nxe4 15. Ba6 Qc7 16. Qb2 Bh5 17. Ne1 e5 18. Nd3 f6 19. Be3 Nb6 20. Rfe1 Nd6 21. Nc5 Bf7 22. dxe5 fxe5 23. Qe2 Nd5 24. Qg4 Nf6 25. Qh3 Kh8 26. Reb1 Bg6 27. Ne6 Qe7 28. Nxf8 Bxb1 29. Rxb1 Qxf8 30. Bxa7 Nfe4 31. Qe3 1-0